Los 30 ejercitos más fuertes - Estadísticas

Estadísticas generales
  • Esta prueba ha sido intentada 9.386 veces
  • La puntuación promedio es 23 de 30
Estadísticas de respuestas
Posición PwrIndx País % Correcto
1 0,0699 Estados Unidos
100%
2 0,0702 Rusia
99%
3 0,0706 China
98%
11 0,1878 Francia
96%
19 0,2847 Alemania
95%
20 0,2882 España
94%
6 0,1443 Reino Unido
91%
4 0,1023 India
90%
7 0,1601 Japón
90%
12 0,1944 Brasil
88%
10 0,1863 Italia
88%
5 0,1416 Corea del Sur
87%
28 0,3823 Argentina
86%
27 0,3813 Canadá
85%
14 0,2269 Irán
80%
16 0,2515 Australia
79%
18 0,2597 Ucrania
74%
15 0,2283 Egipto
72%
9 0,1711 Pakistán
70%
21 0,2917 Polonia
69%
23 0,3235 Arabia Saudita
68%
17 0,2596 Israel
67%
8 0,1697 Turquía
67%
13 0,2250 Indonesia
62%
29 0,4009 Suecia
51%
25 0,3389 Tailandia
51%
22 0,3158 Vietnam
51%
26 0,3589 Argelia
42%
30 0,4087 Singapur
34%
24 0,3302 Taiwán
32%
No se encontraron pruebas coincidentes
Distribución de puntuación
Porcentaje de gente con cada puntuación
Porcentaje por número respondido
Historial de tus puntuaciones
No has intentado esta prueba.